Fang Ridge - Statistics

General Stats
  • This quiz has been taken 6 times
  • The average score is 4 of 8
Answer Stats
Hint Answer % Correct
What mountain is fang ridge part of? Mount Erebus
100%
Mount Erebus got its name from the god of darkness from which mythology? Greek
67%
What continent is Fang Ridge located in? Antartica
33%
Mount Erebus's underground magma produces unique pieces of what rock that are known as Erebus crystals? Feldspar
33%
Where was the plane that crashed into Mount Erebus from? New Zealand
33%
What cardinal direction is fang ridge on Mount Erebus? North Eastern
33%
What island is Fang Ridge on? Ross Island
33%
What type of volcano is Mount Erebus? Stratovolcano
33%
No matching quizzes found
Score Distribution
Percent of People with Each Score
Percentile by Number Answered
Your Score History
You have not taken this quiz